| 000 | 01236pam a2200313 a 4500 | ||
|---|---|---|---|
| 001 | 3978266 | ||
| 003 | ARRUPE | ||
| 005 | 20220506094255.0 | ||
| 008 | 950403s1995 enkab b 001 0 eng | ||
| 010 | _a 95012530 | ||
| 020 | _a1853672130 (hardcover) | ||
| 040 |
_aDLC _cDLC _dDLC |
||
| 043 | _af-sa--- | ||
| 050 | 0 | 0 |
_aUA856.9.Z85 _bK59 1995 |
| 082 | 0 | 0 |
_a355/.0089963986 _220 |
| 100 | 1 |
_aKnight, Ian, _d1956- _9475 |
|
| 245 | 1 | 4 |
_aThe anatomy of the Zulu army : _bfrom Shaka to Cetshwayo, 1818-1879 / _cIan Knight. |
| 246 | 3 | 0 | _aZulu army |
| 260 |
_aLondon : _bGreenhill Books ; _aMechanicsburg, PA, USA : _bStackpole Books, _c1995. |
||
| 300 |
_a282 p. : _bill., maps ; _c24 cm. |
||
| 504 | _aIncludes bibliographical references (p. 274-278) and index. | ||
| 651 | 0 |
_aZululand (South Africa) _xArmed Forces _xHistory. _951478 |
|
| 651 | 0 |
_aZululand (South Africa) _xHistory, Military. _951479 |
|
| 651 | 0 |
_aZululand (South Africa) _xHistory _yTo 1879. _951480 |
|
| 856 | 4 | 2 |
_3Book review (H-Net) _uhttp://www.h-net.org/review/hrev-a0b8c0-aa |
| 906 |
_a7 _bcbc _corignew _d1 _eocip _f19 _gy-gencatlg |
||
| 942 |
_2lcc _cMONOGRAPH |
||
| 999 |
_c131374 _d131374 |
||